000 00599nam a22002172 4500
001 0000000438
005 20151217151749.0
008 070201s xx 000 0 eng d
020 _cKES 200
040 _aKABU
_cKABU
050 0 _aBP166.2
_b.A23
100 1 _aAbd-Al-Masih.
_@0000148630
245 1 0 _aWho is Allah in Islam? /
_cAbd-Al-Masih.
260 _aVillach, Austria :
_bLight of Life,
_c[n.d.]
300 _a108 p. ;
_c18 cm.
500 _aTranslated from German.
600 1 0 _aGod (Islam)
_@0000148631
908 _a070201
950 _@1
999 _c4784
_d4784